Welcome to CU Library Online Public Access Catalogue (OPAC)

Pediatrics: A Primary Care Approach/ (Record no. 4155)

MARC details
000 -LEADER
fixed length control field 00471nam a22001457a 4500
005 - DATE AND TIME OF LATEST TRANSACTION
control field 20250223090617.0
008 - FIXED-LENGTH DATA ELEMENTS--GENERAL INFORMATION
fixed length control field 250223b |||||||| |||| 00| 0 eng d
020 ## - INTERNATIONAL STANDARD BOOK NUMBER
International Standard Book Number 9780721656236
050 ## - LIBRARY OF CONGRESS CALL NUMBER
Classification number RJ45
Item number .B43
100 ## - MAIN ENTRY--PERSONAL NAME
Personal name Berkowitz, Carol D.
245 ## - TITLE STATEMENT
Title Pediatrics: A Primary Care Approach/
Remainder of title saunders text and review series
Statement of responsibility, etc. Carol D. Berkowitz
260 ## - PUBLICATION, DISTRIBUTION, ETC.
Place of publication, distribution, etc. Philadelphia
Name of publisher, distributor, etc. W. B. Saunders Company
Date of publication, distribution, etc. 1996
300 ## - PHYSICAL DESCRIPTION
Extent xxii. 505p.
Other physical details ill. some color
Dimensions 28cm
942 ## - ADDED ENTRY ELEMENTS (KOHA)
Source of classification or shelving scheme Library of Congress Classification
Koha item type Books
Suppress in OPAC No
999 ## -
-- 4155
-- 4155
Holdings
Withdrawn status Lost status Source of classification or shelving scheme Damaged status Not for loan Collection Home library Current library Shelving location Date acquired Total checkouts Full call number Barcode Date last seen Copy number Price effective from Koha item type
    Library of Congress Classification     Non-fiction Science Library (Miotso) Science Library (Miotso) General stacks 02/23/2025   RJ45 .B43 BER SLM00003709 02/23/2025 1 02/23/2025 Books
© 2023-2024 Copyright: Central University Libraries. All Rights Reserved | Created by: Mahone Tech Office